000 00592nam a2200241Ia 4500
008 170203s9999 xx 000 0 und d
020 _a1550370383
050 _aFic
050 _bM969p
100 _aMunsch, Robert N.
245 _aPigs /
245 _cstory by Robert Munsch ; art by Michael Martchenko.
260 _aWillowdale, Ont. :
260 _bAnnick Press,
260 _c1989
300 _a30 unnumbered pages :
300 _bcolor illustrations ;
300 _c21 cm.
650 _aPig --
650 _aSwine --
650 _xFiction.
650 _xFiction.
999 _c306522
_d306522